000
00341nam a2200133Ia 4500
008
240624s9999 xx 000 0 und d
041
_a
eng
082
_a
004.3 SIE
100
_a
SIEGEL JOEL
245
_a
MANAGERS HANDBOOK OF CLIENT SERVER COMPU
260
_c
2003
_a
Singapore
_b
Thomson Asia
300
_a
xvii, : 366 : cm. ; 22
365
_c
RS
999
_c
2047
_d
2047